Movies Quiz

Random Movies or Actor Quiz

Nicolas Cage Movie by One Word Quiz Stats

 Plays Quiz Updated Jan 7, 2019

Support Sporcle.
Go Orange.
Score 0/20 Timer 03:00
0 Plays Today
% Correct
Con Air
92.5%
World Trade Center
90.9%
Ghost Rider
90.9%
The Sorcerer's Apprentice
89.7%
The Rock
86.5%
The Croods
80.4%
Moonstruck
74.3%
Captain Corelli's Mandolin
70.9%
Leaving Las Vegas
68.3%
Guarding Tess
65.7%
% Correct
It Could Happen to You
65.4%
Raising Arizona
63.7%
Face|Off
57.2%
8mm
55.1%
USS Indianapolis: Men of Courage
51.3%
Snake Eyes
46.6%
Fire Birds
40.9%
City of Angels
39.7%
Honeymoon in Vegas
39.2%
Trapped in Paradise
35.8%

You're not logged in!

Compare scores with friends on all Sporcle quizzes.
OR
Log In
Forgot?

From the Vault

Superheroes by Browser History

by bhenderson79

This quiz brings new meaning to the term "World Wide Web."
Remove Ads.
Support Sporcle.
Get the best of Sporcle when you Go Orange. This ad-free experience offers more features, more stats, and more fun while also helping to support Sporcle. Thank you for becoming a member.

Show Comments

Extras

Top Quizzes Today


Score Distribution

Your Account Isn't Verified!

In order to create a playlist on Sporcle, you need to verify the email address you used during registration. Go to your Sporcle Settings to finish the process.

Report this User

Report this user for behavior that violates our Community Guidelines.

Details: